Madame Bovary, c’est moi! : The great characters of literature and where they came from

The struggles and inspirations that gave birth to our great writers' most memorable creations. A delightful compendium of wit and information, this book takes us on a casual stroll through literary history as the world's most successful writers sought just the right name, or just the right...

Volledige beschrijving

Bewaard in:
Bibliografische gegevens
Hoofdauteur: Bernard, Andre
Formaat: Boek
Taal:Undetermined
Gepubliceerd in: New York W.W. Norton 2004
Onderwerpen:
Tags: Voeg label toe
Geen labels, Wees de eerste die dit record labelt!
Thư viện lưu trữ: Trung tâm Học liệu Trường Đại học Cần Thơ
LEADER 01015nam a2200205Ia 4500
001 CTU_141486
008 210402s9999 xx 000 0 und d
082 |a 809.927 
082 |b B518 
100 |a Bernard, Andre 
245 0 |a Madame Bovary, c’est moi! : 
245 4 |b The great characters of literature and where they came from 
245 0 |c André Bernard 
260 |a New York 
260 |b W.W. Norton 
260 |c 2004 
520 |a The struggles and inspirations that gave birth to our great writers' most memorable creations. A delightful compendium of wit and information, this book takes us on a casual stroll through literary history as the world's most successful writers sought just the right name, or just the right tone, or just the right prop, for the hero or heroine of their works. 
650 |a Characters and characteristics in literature.,Cá tính và đặc điểm trong văn học 
904 |i Trọng Hiếu 
980 |a Trung tâm Học liệu Trường Đại học Cần Thơ